ՀՀ Գիտությունների ազգային ակադեմիայի հիմնարար գիտական գրադարան  =   Fundamental Scientific Library of NAS RA

Эффективное плодородие почв: методологические аспекты : (Record no. 74985)

MARC details
000 -LEADER
fixed length control field 01179nam a2200253 u 4500
001 - CONTROL NUMBER
control field 000214270
003 - CONTROL NUMBER IDENTIFIER
control field AM-YeHGA
005 - DATE AND TIME OF LATEST TRANSACTION
control field 20250617124219.0
008 - FIXED-LENGTH DATA ELEMENTS--GENERAL INFORMATION
fixed length control field 950417s1990 ||||||||||||||||||||rus d
020 ## - INTERNATIONAL STANDARD BOOK NUMBER
International Standard Book Number 5100024755
040 ## - CATALOGING SOURCE
Original cataloging agency AM-YeHGA
090 ## - LOCALLY ASSIGNED LC-TYPE CALL NUMBER (OCLC); LOCAL CALL NUMBER (RLIN)
-- 76213
100 1# - MAIN ENTRY--PERSONAL NAME
Personal name Щербаков, Андрей Павлович
245 10 - TITLE STATEMENT
Title Эффективное плодородие почв: методологические аспекты :
Remainder of title К XIV Международному конгрессу почвоведов, Япония, Киото, 1990 /
Statement of responsibility, etc. А.П. Щербаков, Е.Е. Кислых.
246 35 - VARYING FORM OF TITLE
Title proper/short title Effective Soil Fertility: Methodological Aspects
260 ## - PUBLICATION, DISTRIBUTION, ETC.
Place of publication, distribution, etc. Москва :
Name of publisher, distributor, etc. Агропромиздат ,
Date of publication, distribution, etc. 1990.
300 ## - PHYSICAL DESCRIPTION
Extent 73 с. ;
Dimensions 21 см.
500 ## - GENERAL NOTE
General note Загл. на доп.тит.л.: Effective soil fertility: methodological aspects.
500 ## - GENERAL NOTE
General note Рез.: англ.
504 ## - BIBLIOGRAPHY, ETC. NOTE
Bibliography, etc. note Библиогр.: с. 66-71
650 14 - SUBJECT ADDED ENTRY--TOPICAL TERM
Topical term or geographic name entry element Плодородие почв
700 1# - ADDED ENTRY--PERSONAL NAME
Personal name Кислых, Евгений Евгеньевич
711 2# - ADDED ENTRY--MEETING NAME
Meeting name or jurisdiction name as entry element Международный конгресс почвоведов
Number of part/section/meeting (14 :
Date of meeting or treaty signing 1990 :
Location of meeting Киото, Япония)
Holdings
Withdrawn status Lost status Damaged status Not for loan Collection Home library Current library Date acquired Total checkouts Full call number Barcode Date last seen Price effective from Koha item type Public note
        General Fundamental Scientific Library Fundamental Scientific Library 22/12/2016   631.452:1 120620393 22/12/2016 22/12/2016 Գրքեր / Books 30 Days Loan


ՀՀ ԳԱԱ հիմնարար գիտական գրադարան
ՀՀ,Երևան 0019
Մարշալ Բաղրամյան 24/6
հեռախոս:(374-10) 52-47-50
Հետադարձ կապ

All site content, except where otherwise noted, is licensed under a
Creative Commons License